000 00560nam a22001937a 4500
005 20260115153603.0
010 _aENG-147433
020 _a9789391103187
_c125.00
035 _aEN-130965
037 _bDBAD
082 _a881
_22
100 _aShakespeare, William
_986437
245 _aTragedy of Romeo and Juliet/
_cWilliam Shakespeare
250 _a2
260 _aDelhi
_bPharos Books
_c2022
270 _aPlot No.-55, Main Mother Dairy Road, Pandav Nagar,
_bDelhi
_e110092
300 _a152p.
_c21cm(pb)
942 _2ddc
_cEN
_h881
_mSHA
999 _c214176
_d214176